Barcelona por la marina / por José Ma. Martínez Hidalgo
Publicado:
San Jorge, núm. 67 - 68 (2n semestre 1967), pàg 25 - 39 :
MARC
| LEADER | 00000nam a2200000Ia 4500 | ||
|---|---|---|---|
| 001 | |||
| 008 | 160829s9999 xx 000 0 cat d | ||
| 100 | |a Martínez-Hidalgo, José María, |d 1913-2005 |9 22649 | ||
| 245 | |a Barcelona por la marina / por José Ma. Martínez Hidalgo | ||
| 260 | |a San Jorge, núm. 67 - 68 (2n semestre 1967), pàg 25 - 39 | ||
| 610 | 1 | 0 | |a Barcelona (Catalunya : Província). |b President (1967-1973 : Muller) |9 54359 |
| 650 | |a Marina de guerra |x Espanya |9 40387 | ||
| 650 | |a Nieto Antúnez, Pedro |x Discursos |9 40388 | ||
| 650 | 0 | |a Visites oficials |9 21802 | |
| 901 | |a Arxiu | ||
| 942 | |n 1 | ||
| 952 | |0 0 |1 0 |4 0 |7 1 |9 49656 |a Arxiu |b Arxiu |d 2016-12-01 |l 0 |r 2016-12-01 00:00:00 |w 2016-12-01 |y ARXIU | ||
| 999 | |c 53498 |d 53498 | ||